| 000 | 00738nam a22002177a 4500 | ||
|---|---|---|---|
| 008 | 161010b xxu||||| |||| 00| 0 eng d | ||
| 020 | _a0199755301 | ||
| 040 |
_aKABU _cKABU |
||
| 050 |
_aML3830 _b.P38 2008 C.1 |
||
| 100 | _aPatel, Aniruddh D. | ||
| 245 |
_aMusic, Language, and the brain _cby Aniruddh D. Patel |
||
| 260 |
_aNew York _bOxford university press _c2008 |
||
| 300 | _axi, 513 p. | ||
| 650 |
_2Music _v Psychological aspects |
||
| 650 |
_2Music _xPhysiological aspects |
||
| 650 |
_2Auditory perception _xPhysiological aspects |
||
| 650 |
_2Language acquisition _xPhysiological aspects |
||
| 650 | _2Cognitive neuroscience | ||
| 650 | _2Neurobiology | ||
| 942 |
_2lcc _cBK _hML3830 .P38 2008 C.1 |
||
| 999 |
_c16180 _d16180 |
||